| 000 | 00465nam a2200157 i 4500 | ||
|---|---|---|---|
| 001 | 105239 | ||
| 003 | ES-MaACL | ||
| 005 | 20230906183823.0 | ||
| 007 | t| | ||
| 008 | 060620s1961 sp ||||1| spa d | ||
| 100 | 1 |
_aLópez Nieto y Mallo, Francisco. _973827 |
|
| 245 | 1 | 3 |
_aEl recurso económico administrativo / _cFrancisco López-Nieto y Mallo. |
| 260 |
_aBarcelona : _bAnabasis, _c1961. |
||
| 300 |
_a141 p. ; _c22 cm. |
||
| 852 |
_aES-MaACL _jC-21320 _bR.49636 |
||
| 999 |
_c105239 _d105239 |
||